Visualizzazione normale
Vista MARC
- DRAMMA GIALLO
di Topical Term
Records bibliografici associati: 1
001 - CONTROL NUMBER
- control field: 41427
003 - CONTROL NUMBER IDENTIFIER
- control field: IT-RoPau
005 - DATE AND TIME OF LATEST TRANSACTION
- control field: 20151126170857.0
008 - FIXED-LENGTH DATA ELEMENTS
- fixed length control field: 151126|| aca||aabn | a|a d
040 ## - CATALOGING SOURCE
- Original cataloging agency: IT-RoPau
- Transcribing agency: IT-RoPau
150 ## - HEADING--TOPICAL TERM
- Topical term or geographic name entry element: DRAMMA GIALLO
- : VIDEODISCHI [LASER DISC]
- General subdivision: Codice MATERIA SPICS: 9954
670 ## - SOURCE DATA FOUND
- Source citation: Work cat.: (IT-RoPau)105441: Polanski Roman Codice regista SPICS: 1627 41425, CHINATOWN CHINATOWN (Rif. Codice opera principale : D0536)